The history of modern Egypt : from Muhammad Ali to Mubarak
Αποθηκεύτηκε σε:
| Κύριος συγγραφέας: | |
|---|---|
| Μορφή: | Βιβλίο |
| Γλώσσα: | English |
| Δημοσίευση: |
London :
Weidenfeld and Nicolson,
1991.
|
| Έκδοση: | 4th ed. |
| Θέματα: | |
| Ετικέτες: |
Προσθήκη ετικέτας
Δεν υπάρχουν, Καταχωρήστε ετικέτα πρώτοι!
|
MARC
| LEADER | 00000cam a2200000 i 4500 | ||
|---|---|---|---|
| 001 | 1/91 | ||
| 008 | 950629s1991 enk| ||| |||| ||eng|| | ||
| 020 | |a 0297820354 | ||
| 035 | |l 10013955 | ||
| 040 | |a GR-MyUa |b gre |e AACR2 | ||
| 041 | 0 | |a eng | |
| 082 | 7 | |a 962.04 |2 (22) | |
| 100 | 1 | |a Vatikiotis, P. J. |q (Panayiotis J.), |d 1928-1997. | |
| 245 | 1 | 4 | |a The history of modern Egypt : |b from Muhammad Ali to Mubarak / |c P.J. Vatikiotis. |
| 250 | |a 4th ed. | ||
| 260 | |a London : |b Weidenfeld and Nicolson, |c 1991. | ||
| 300 | |a xvi, 572 σ. : |b εικ. ; |c 23 εκ. | ||
| 651 | 0 | |a Egypt |x History |y 1798- | |
| 852 | |a INST |b LESVOS |e 19950629 |h 962.04 ΒΑΤ |p 005100008312 |q 005100008312 |t BK |y 0 | ||